000 01299nam a2200289Ia 4500
003 PE SENCICO BE
005 20251020182440.0
008 200515s9999 xx 000 0 und d
020 _a84-95279-36-3
040 _aPE SENCICO BE
_cPE SENCICO BE
041 _aspa
082 _a526.9
_bS21
100 1 _aSánchez Ríos, Alonso
_93301
_eautor
245 1 0 _aProblemas de métodos topográficos :
_bplanteados y resueltos /
_cAlonso Sánchez Ríos
250 _a1a ed.
260 _aMadrid :
_bBellisco Ediciones Técnicas y Científicas,
_c2000
300 _a279 páginas :
_bilustraciones, tablas, gráficos ;
_c24 cm.
490 _aBiblioteca técnica universitaria.
_aGeodesia y topografía ;
_v4
504 _aBibliografía: p. 275-279.
505 0 _aCálculo de coordenadas -- Agrimensura -- Radiación -- Itinerarios -- Densificación de redes -- Triangulación - Trilateración -- Nivelación
520 3 _aDescribe todo tipo de problemas topográficos que van desde los sencillos trabajo de cálculo de coordenadas y agrimensura hasta el cálculo de puntos fundamentales utilizando las técnicas de los mínimos cuadrados
650 1 0 _aTopografía
_94
650 2 0 _aGeodesia
_92
650 2 0 _aMétodos topográficos
_91235
650 2 0 _aPlanimetría
_91232
942 _cLIB
_2ddc
999 _c531
_d531